Taylor Swift Characters in Songs - Statistics

General Stats
  • This quiz has been taken 956 times
  • The average score is 7 of 11
Answer Stats
Hint Answer % Correct
Cardigan Betty
94%
Dreamt of you all summer long. James
89%
She's dead Taylor
80%
Oh my oh my Mary
74%
You can't belive a word she says Inez
73%
GIVE HER BACK HER GIRLHOOD John
63%
Red-Head Abigail
58%
A friend of mine Este
57%
They all want to be ya Dorothea
56%
Daydream look in your eyes James Dean
54%
I can't help myself Stephen
31%
No matching quizzes found
Score Distribution
Percent of People with Each Score
Percentile by Number Answered
Your Score History
You have not taken this quiz